000 00543nam a22001697a 4500
008 140827t ck||||| |||| 00| 0 spa d
020 _a9789588392134
050 0 4 _aKHH2919
_bH57 2010
245 0 0 _aHistoria de las leyes
_b : acto legislativo número 3 de 1910
_c / compilador L. Segovia
250 _a1a ed.
260 _aBogotá :
_bAcademia Colombiana de Jurisprudencia,
_c2010
300 _a346 p. ;
_c23 cm.
490 0 _aClásicos
650 7 _2Lemb
_aDerecho constitucional
_zColombia
700 1 _aSegovia, L.
_ecomp.
942 _2lcc
_cLIB
999 _c12439
_d12439